000
00254nam a2200109Ia 4500
008
220204s9999 xx 000 0 und d
082
_a
577.1
_b
HAR
100
_a
Harper, H A
245
0
_a
Review of physiological chemistry
250
_a
Ed.16
942
_c
BK
999
_c
29490
_d
29490